Análise de regressão (Registro nro. 5501)
[ vista simple ]
| 000 -LEADER | |
|---|---|
| fixed length control field | 01004 a2200217 4500 |
| 001 - CONTROL NUMBER | |
| control field | 54339 |
| 005 - DATE AND TIME OF LATEST TRANSACTION | |
| control field | 20260407155815.0 |
| 008 - FIXED-LENGTH DATA ELEMENTS--GENERAL INFORMATION | |
| fixed length control field | 260407a1977 arg spa d |
| 003 - CONTROL NUMBER IDENTIFIER | |
| control field | AR-UNSa-BCEJYS |
| 040 ## - CATALOGING SOURCE | |
| Original cataloging agency | AR-UNSa-BCEJYS |
| Language of cataloging | spa |
| Transcribing agency | AR-UNSa-BCEJYS |
| 080 ## - UNIVERSAL DECIMAL CLASSIFICATION NUMBER | |
| Universal Decimal Classification number | 330.43 |
| Common auxiliary subdivision | Econometría |
| 041 ## - LANGUAGE CODE | |
| Language code of text/sound track or separate title | spa |
| 100 1# - MAIN ENTRY--PERSONAL NAME | |
| Personal name | Hoffmann, Rodolfo |
| 245 10 - TITLE STATEMENT | |
| Title | Análise de regressão |
| Name of part/section of a work | Uma introdução à econometria |
| 264 #1 - PRODUCTION, PUBLICATION, DISTRIBUTION, MANUFACTURE, AND COPYRIGHT NOTICE | |
| Place of production, publication, distribution, manufacture | San Pablo : |
| Name of producer, publisher, distributor, manufacturer | HUCITEC |
| Date of production, publication, distribution, manufacture, or copyright notice | 1977 |
| 300 ## - PHYSICAL DESCRIPTION | |
| Extent | xvi, 339 p. |
| Dimensions | 21 cm. |
| 505 ## - FORMATTED CONTENTS NOTE | |
| Formatted contents note | 1. Introdução e conceitos estatisticos básicos – 2. Regressão linear simple – 3. Correlação – 4. Regressão linear multipla – 5. Uso de variaveis binãrias – 6. Heterocedastica – 7. Minimos quadrados generalizados e autocorrelação nos residuos – 8. Erros nas variãveis independientes e variãveis defasadas – 9. Equaçoes simultãneas – 10. Regressão assintotica – 11. Outros tópicos. |
| 590 ## - LOCAL NOTE (RLIN) | |
| Local note | niveau_biblio:m niveau_hierar:0 |
| 700 1# - ADDED ENTRY--PERSONAL NAME | |
| Personal name | Vieira, Sonia |
| 942 ## - ADDED ENTRY ELEMENTS (KOHA) | |
| Koha item type | |
| Withdrawn status | Lost status | Damaged status | Not for loan | Home library | Current library | Shelving location | Date acquired | Total checkouts | Full call number | Barcode | Date last seen | Price effective from | Koha item type |
|---|---|---|---|---|---|---|---|---|---|---|---|---|---|
| Biblioteca Prof. Eusebio Cleto del Rey | Biblioteca Prof. Eusebio Cleto del Rey | 07/04/2026 | 330.43 H699 | L33204 | 07/04/2026 | 07/04/2026 | Libro |